| 000 | 00837nam a2200241Ia 4500 | ||
|---|---|---|---|
| 003 | OSt | ||
| 005 | 20220923211211.0 | ||
| 006 | a|||||r|||| 00| 0 | ||
| 007 | ta | ||
| 008 | Pun | ||
| 020 |
_a9788123767406 (pbk) _c150 |
||
| 024 | _a280,755 | ||
| 037 |
_b812, 09/03/2014, H.K. Prakashan _cTextual |
||
| 040 |
_aARTS _cARTS _bPun |
||
| 041 |
_2Pun _aPun |
||
| 082 | _aY73(P153):351, 153Q3 | ||
| 100 |
_aਸਿੱਧੂ, ਰੁFਪਾਲ ਕੌਰ _9159523 |
||
| 245 | 0 |
_aਪਰੀ ਰੁੱਖ _b ਪੰਜਾਬ ਦੀਆਂ ਲੋਕ ਕਥਾਵਾਂ |
|
| 260 |
_aਦਿੱਲੀ _b ਨੈFਨਲ ਬੁਕ ਟਰੱਸਟ _c2013 |
||
| 300 |
_a240ਪੰ _ccm. |
||
| 942 |
_hY73(P153):351, 153Q3 _cTEXL _2CC |
||
| 999 |
_c296741 _d296741 |
||